| 000 | 00559nam a2200145 a 4500 | ||
|---|---|---|---|
| 001 | 000030389 | ||
| 005 | 20200930062303.0 | ||
| 008 | 110516s1990 dr a 000 0 spa d | ||
| 040 |
_aDO-SdBNP _bspa _cBNPHU |
||
| 082 |
_axxx _bP963f |
||
| 245 | 0 | 1 |
_aEl proceso de formulación del plan decenal de educación : _blos tipos de consulta, la organización para la elaboración del plan y sugerencias metodológicas para las fases conceptual y de diagnóstico. |
| 260 |
_aSanto Domingo : _bEDUCA, _c1990. _fTaller |
||
| 300 |
_a16 p. : _bil. ; _c21 cm. |
||
| 049 | _aBNPD | ||
| 999 |
_c29881 _d29881 |
||